000 00359nam a2200145Ia 4500
005 20251222154403.0
008 251222s9999||||xx |||||||||||||| ||spa||
020 _a8408012010
082 _a863/T72
100 _aTorrente Ballester, Gonzalo
245 0 _aLa Novela de Pepe Ansúrez
250 _a1ra.ed.
264 _bEditorial Planeta, S.A.
942 _cLIB
999 _c35376
_d35376